000
00278nam a22001217a 4500
020
_a
9781423142003
040
_c
NUST
082
_a
823-CH
_b
RIO
100
_a
Riordan, Rick
_9
12875
245
_a
The Mark Of Athena
260
_a
USA:
_b
Hyperion Books,
_c
2014.
942
_2
ddc
_c
BK
999
_c
586217
_d
586217